Metodik chusus pendidikan agama; (Record no. 89478)

MARC details
000 -LEADER
fixed length control field 00879cam a22002291 4500
001 - CONTROL NUMBER
control field sa 68020525
003 - CONTROL NUMBER IDENTIFIER
control field DLC
005 - DATE AND TIME OF LATEST TRANSACTION
control field 20260227112725.0
008 - FIXED-LENGTH DATA ELEMENTS--GENERAL INFORMATION
fixed length control field 780726s1965 io 000 0 ind
010 ## - LIBRARY OF CONGRESS CONTROL NUMBER
LC control number sa 68020525
035 ## - SYSTEM CONTROL NUMBER
System control number (OCoLC)4086627
040 ## - CATALOGING SOURCE
Original cataloging agency DLC
Transcribing agency OAU
Modifying agency DLC
042 ## - AUTHENTICATION CODE
Authentication code premarc
050 00 - LIBRARY OF CONGRESS CALL NUMBER
Classification number BP44
Item number .J84
100 1# - MAIN ENTRY--PERSONAL NAME
Personal name Yunus, Mahmud,
Dates associated with a name 1899-1982.
245 10 - TITLE STATEMENT
Title Metodik chusus pendidikan agama;
Remainder of title metode mengadjarkan pendidikan agama di sekolah dasar, S. M.P., S. M. A. dan fakultas² umum, serta metode mengadjarkan ilmu² agama di P. G. A. N. 6 tahun,
Statement of responsibility, etc. untuk mahasiswa² Fakultas Tarbijah I. A. I. N. al-Djami'ah, dan dapat djuga untuk peladjar² P. G. A. Atas.
250 ## - EDITION STATEMENT
Edition statement Tjet. 1.
260 ## - PUBLICATION, DISTRIBUTION, ETC.
Place of publication, distribution, etc. Djakarta,
Name of publisher, distributor, etc. Al-Hidajah,
Date of publication, distribution, etc. 1965.
300 ## - PHYSICAL DESCRIPTION
Extent 105 p.
Dimensions 22 cm.
504 ## - BIBLIOGRAPHY, ETC. NOTE
Bibliography, etc. note Includes bibliographical references.
650 #0 - SUBJECT ADDED ENTRY--TOPICAL TERM
Topical term or geographic name entry element Islamic religious education.

No items available.

Powered by Koha